1000 reasons why Qatar.
| Format: | Book |
|---|---|
| Published: |
Beirut:
BISC Group,
2008.
|
| Subjects: |
| LEADER | 00485cam a2200169 7i4500 | ||
|---|---|---|---|
| 001 | 0000022611 | ||
| 005 | 20090422090000.0 | ||
| 020 | 0 | 0 | |a 978-9953-0-1105-9 |
| 090 | 0 | 0 | |a QATR 953.63 |b REA |
| 245 | 0 | 0 | |a 1000 reasons why Qatar. |
| 260 | 0 | 0 | |a Beirut: |b BISC Group, |c 2008. |
| 300 | # | # | |a 311 p. |
| 650 | 0 | 0 | |a Qatar |
| 650 | 0 | 0 | |a Qatar -- |x Economic conditions |
| 650 | 0 | 0 | |a Qatar -- |x Social conditions |
| 650 | 0 | 0 | |a Qatar -- |x Guidebooks |
| 999 | |a 0000023915 |b Book |c Countries |e Business Information Centre | ||


